00618nam a2200193 a 450000100060000000300090000600800410001504000280005608200100008410000310009424500310012526000280015630000100018449000260019465000300022094200120025099900170026295201450027921725CO-ViMGA141112s2004 ck r 000 u spa d aCO-ViMGAbspacCO-ViMGA04aVALte1 aValencak, Hannelore94829610aEl tesoro del molino viejo aMadrid : bS.M., c1999 a165p. aEl baraco de vapor, 814aCUENTOS AUSTRIACOS931006 2ddccBK c30284d30284 00102ddc40708008aMEVIECARbMEVIECARd2015-12-04hVolumen. 1 | 11/jun/2009l0oVALte p21725r2015-12-04 00:00:00tEj. 1w2015-12-04yBK